Loading...
| Science - Physics | 0 | 7 | 0 | 2 | 70 | 33 | 58.43 | 1 | 5 | 31.72 | 48.04 |
| Fine Arts - Classical Music | 0 | 4 | 0 | 0 | 40 | 81 | 98.00 | 0 | 1 | 5.28 | 13.75 |
| History - European | 0 | 4 | 0 | 1 | 40 | 62 | 85.00 | 0 | 2 | 4.26 | 8.55 |
| History - World | 0 | 4 | 1 | 0 | 35 | 27 | 55.75 | 0 | 2 | 19.21 | 20.00 |
| History - Other | 0 | 4 | 1 | 3 | 35 | 76 | 99.25 | 1 | 2 | 3.18 | 12.32 |
| Science - Other | 0 | 4 | 1 | 1 | 35 | 84 | 102.25 | 0 | 1 | 6.25 | 13.93 |
| Literature - British | 0 | 3 | 0 | 1 | 30 | 78 | 87.67 | 0 | 0 | 4.56 | 5.83 |
| Mythology | 0 | 4 | 2 | 2 | 30 | 86 | 100.25 | 0 | 1 | 6.05 | 16.43 |
| Social Science | 0 | 2 | 0 | 1 | 20 | 39 | 71.50 | 0 | 1 | 7.47 | 15.63 |
| Literature - European | 0 | 2 | 0 | 1 | 20 | 101 | 107.00 | 0 | 0 | 1.14 | 7.50 |
| Philosophy | 0 | 1 | 0 | 0 | 10 | 80 | 80.00 | 0 | 1 | 3.24 | 8.93 |
| Religion | 0 | 2 | 2 | 0 | 10 | 50 | 53.00 | 0 | 2 | 9.86 | 15.00 |
| Science - Chemistry | 0 | 1 | 0 | 0 | 10 | 85 | 85.00 | 0 | 0 | 1.83 | 3.75 |
| Literature - World | 0 | 1 | 0 | 0 | 10 | 109 | 109.00 | 0 | 1 | 1.42 | 6.25 |
| Literature - American | 0 | 1 | 0 | 0 | 10 | 118 | 118.00 | 0 | 0 | 0.00 | 2.50 |
| Fine Arts - Painting and Sculpture | 0 | 1 | 0 | 0 | 10 | 98 | 98.00 | 0 | 1 | 0.00 | 1.25 |